zpět

Detail výsledku týmu

Pub Na Plech ČT - Žižkov, Praha

Datum a čas kvízu

37.5 Celkem bodů Celkový počet nahraných bodů na tomto kvízu bez doplňovacích otázek.
3. Pořadí na kvízu Konečné umístění týmu na tomto kvízu.

Zaznamenané odpovědi

# Otázka Odpověď Body Výsledky
1. Šéf odborů po svém znovuzvolen... Josef Středula 0
2. Ruská plynárenská společnost G... Polsko, Bulharsko 1
3. Ve středu večer se konalo slav... David Stypka 0
4. Minulý týden konečně nabyl jas... Elon Musk, Twitter 1
5. Kolikátý mistrovský titul po s... třetí titul v řadě 1
6. Při závodech osmiveslic nesmí... kormidelníka 1
7. Seřaďte následující zvířata po... 1A 2D 3C 4B 0
8. Celkem 22 koulí, plocha necelý... snooker 1
9. Kterou hodnotu určuje číslo 88... B 1
10. Křížová cesta je řada kapliček... 14 zastavení 1